Northeast Asia's nuclear challenges (Record no. 1113615)

MARC details
000 -LEADER
fixed length control field 01064nam a2200313Ia 4500
003 - CONTROL NUMBER IDENTIFIER
control field OSt
005 - DATE AND TIME OF LATEST TRANSACTION
control field 20221006160554.0
008 - FIXED-LENGTH DATA ELEMENTS--GENERAL INFORMATION
fixed length control field 221006b |||||||| |||| 00| 0 eng d
020 ## - INTERNATIONAL STANDARD BOOK NUMBER
International Standard Book Number 9788984213470
-- 4.95
037 ## - SOURCE OF ACQUISITION
Terms of availability Textual
040 ## - CATALOGING SOURCE
Original cataloging agency EASL
Transcribing agency EASL
Language of cataloging eng
041 ## - LANGUAGE CODE
Source of code eng
Language code of text/sound track or separate title eng
100 ## - MAIN ENTRY--PERSONAL NAME
Personal name Lee Su Hoon Ed.
245 #0 - TITLE STATEMENT
Title Northeast Asia's nuclear challenges
260 ## - PUBLICATION, DISTRIBUTION, ETC.
Place of publication, distribution, etc. Seoul
Name of publisher, distributor, etc. Kyungnam University Press Korea
Date of publication, distribution, etc. 2013
300 ## - PHYSICAL DESCRIPTION
Extent 230p.
Dimensions cm.
490 ## - SERIES STATEMENT
Volume/sequential designation Gen
Series statement Explorations in Korean Studies
650 ## - SUBJECT ADDED ENTRY--TOPICAL TERM
Topical term or geographic name entry element G-Eight global partnership
9 (RLIN) 674191
650 ## - SUBJECT ADDED ENTRY--TOPICAL TERM
Topical term or geographic name entry element Gen
650 ## - SUBJECT ADDED ENTRY--TOPICAL TERM
Topical term or geographic name entry element North Korean Nuclear threat
9 (RLIN) 674192
650 ## - SUBJECT ADDED ENTRY--TOPICAL TERM
Topical term or geographic name entry element Nuclear Power - China - Japan - Korea
9 (RLIN) 674193
650 ## - SUBJECT ADDED ENTRY--TOPICAL TERM
Topical term or geographic name entry element Obama Doctrine
9 (RLIN) 674194
942 ## - ADDED ENTRY ELEMENTS (KOHA)
Classification part V49W:19(C9B3), Q3
Koha item type Textual
Source of classification or shelving scheme Colon Classification (CC)
Holdings
Withdrawn status Lost status Source of classification or shelving scheme Damaged status Not for loan Home library Current library Date acquired Source of acquisition Serial Enumeration / chronology Total Checkouts Full call number Barcode Date last seen Price effective from Koha item type
          Department of East Asian Studies Library Department of East Asian Studies Library 2022-10-06 IN/2014-15/1372, 12/03/2015, Selectbook Service Syndicate Gen   V49W:19(C9B3) Q3 EA1603151 2022-10-06 2022-10-06 Textual
Copyright @ Delhi University Library System